00816cam a2200241 a 45000010008000000030004000080050017000120080041000290100017000700200022000870400018001090500024001270820028001511000019001792450058001982500012002562600048002683000029003165000020003456500020003658560085003858560104004703997749OSt20140310182054.0960506s1997 ilua 001 0 eng  a 96018720  a0844258997 (pbk.) aDLCcDLCdDLC00aLB 1047.3 .B38 199700aHS 371.30281 bB32 19971 aBaugh, L. Sue.10aHow to write term papers and reports /cL. Sue Baugh. a2nd ed. aIllinois : bNTC Publishing group, cc1997. a233 p. :bill. ;c28 cm. aIncludes index. 0aReport writing.423Publisher descriptionuhttp://www.loc.gov/catdir/description/mh051/96018720.html423Contributor biographical informationuhttp://www.loc.gov/catdir/enhancements/fy0737/96018720-b.html